Welcome to the Holygrace Academy Library

Please use search bar below to get started

FOUNDATION OF INFORMATION TECHNOLOGY (Record no. 776)

MARC details
000 -LEADER
fixed length control field 00326nam a22001337a 4500
020 ## - INTERNATIONAL STANDARD BOOK NUMBER
ISBN 978-81-7700-022-1
082 ## - DEWEY DECIMAL CLASSIFICATION NUMBER
Classification number 000
Item number ARO/F
100 ## - MAIN ENTRY--AUTHOR NAME
Personal name SUMITA ARORA
245 ## - TITLE STATEMENT
Title FOUNDATION OF INFORMATION TECHNOLOGY
Remainder of title CLASS X
260 ## - PUBLICATION, DISTRIBUTION, ETC. (IMPRINT)
Place of publication DELHI
Name of publisher DHANPAT RAI & CO
Year of publication 2013
300 ## - PHYSICAL DESCRIPTION
Number of Pages 372
650 ## - SUBJECT ADDED ENTRY--TOPICAL TERM
Topical Term IT FOR CLASS X
Geographic subdivision INDIA
942 ## - ADDED ENTRY ELEMENTS (KOHA)
Koha item type Books
Holdings
Withdrawn status Lost status Collection code Home library Current library Shelving location Date acquired Source of acquisition Cost, normal purchase price Full call number Accession Number Koha item type
    Reference Main Library Main Library SHELF-8 C CLASS X- PHYSICS&CHEMISTRY 27/03/2018 purchase 210.00 000 ARO/F 10196 Books